| 000 | 00488nam a22001577a 4500 | ||
|---|---|---|---|
| 008 | 220715b ||||| |||| 00| 0 eng d | ||
| 020 | _a9789395404037 | ||
| 041 | _aeng | ||
| 082 |
_a891.431 _bSHA |
||
| 110 | _aShrivilas Singh (Tr.) | ||
| 245 |
_aAndheron ki Khamoshi ke Beech _b: Nobel Purashkar Prapt Kavion ki Kavitain _cTranslated by Shrivilas Singh |
||
| 260 |
_aNew Delhi _bAnamika Publishers & Distributors _c2022 |
||
| 300 | _a189p. | ||
| 650 | _aGENERAL BOOKS | ||
| 942 | _cBK | ||
| 999 |
_c46340 _d46340 |
||